000 00694nam a2200241Ia 4500
003 OSt
005 20220925215312.0
006 a|||||r|||| 00| 0
007 ta
008 220923b |||||||| |||| 00| 0 eng d
037 _cGeneral Book
040 _aRTL
_cRTL
_beng
041 _2eng
_aeng
082 _aX:8, L7
100 _aDrucker Peter F
245 0 _aPeople and performance
_b The best of peter Drucker
260 _aLondon
_bHeinemann UK
_c1977
300 _axviii, 366p. Glossary p 341-55
_ccm.
500 _a(Reprinted: Bombay , Allied,1977)
650 _aManagement
_930681
942 _hX:8, L7
_cGB
_2CC
999 _c568418
_d568418